00334nam a22001217a 4500003000400000008004100004020001800045082002000063100002300083245004600106260004900152300001100201OSt250716b |||||||| |||| 00| 0 eng d a9789383964000 a891.43103bV52P aDr. Jitendra Verma aPramukh Sufi Sant Kavi Aur Unki Rachnayen aNew Delhi bArchna Pub. nd Distributerc2025 av,152p